"Parks and Recreation" Characters - Statistics

General Stats
  • This quiz has been taken 64 times
  • The average score is 15 of 20
Answer Stats
Picture Answer % Correct
Leslie Knope
100%
Ron Swanson
100%
Andy Dwyer
95%
Ann Perkins
93%
April Ludgate
93%
Tom Haverford
93%
Chris Traeger
88%
Ben Wyatt
83%
Mark Brendanawicz
83%
Tammy Swanson II
83%
Donna Meagle
78%
Jerry Gergich
78%
Jeremy Jamm
72%
Perd Hapley
69%
Jean-Ralphio Saperstein
60%
Bobby Newport
57%
Mona-Lisa Saperstein
57%
Jennifer Barkley
28%
Craig Middlebrooks
24%
Diane Lewis
21%
No matching quizzes found
Score Distribution
Percent of People with Each Score
Percentile by Number Answered
Your Score History
You have not taken this quiz